México, cincuenta años de revolución : V. 1 : la economía /

Guardado en:
Detalles Bibliográficos
Otros autores: Beltrán, Enrique (autor) (autor)
Formato: Libro
Idioma:Español
Publicado: México : Fondo de Cultura Económica, 1960, c1960
Etiquetas: Agrega una etiqueta
Sin etiquetas, Sé el primero en etiquetar este registro!

MARC

LEADER 00000nam^a2200000^a^4500
001 000432975
005 20250526000000.0
009 20260310123028.592
037 |a Acervo ITESO - Biblioteca 
041 |a ESP 
091 |a FHM. 06287 
245 0 0 |a México, cincuenta años de revolución :  |b V. 1 : la economía / 
264 4 |a México :  |b Fondo de Cultura Económica,  |c 1960, c1960 
300 |a XV, 619 p. ;  |c 24.0 cm. 
336 |a texto  |b txt  |2 rdacontenido 
337 |a sin mediación  |b n  |2 rdamedio 
338 |a volumen  |b nc  |2 rdasoporte 
649 |a XX 
700 |a Beltrán, Enrique  |e (autor) 
910 |a Fondo Hugo B. Margáin 
920 |a Impresos - Libros 
930 |a Libros Antiguos y Raros 
905 |a 126 
901 |a 0500314883  |b IT2  |c LRA  |i D107459  |u 20250526 
901 |a 0500316996  |b IT2  |c LRA  |i D109914  |u 20250526 
902 |a https://opac.biblio.iteso.mx/vufind/Record/000432975